00241nam a2200109Ia 4500008004100000041000800041082001600049100000900065245004100074260000900115365000700124240624s9999 xx 000 0 und d aeng a658.046 HBR a#N/A aHBR S 10 MUST READS ON COLLABORATION c2013 cRS